[Event "Tourn. n8665"]
[Site "www.chess-mail.com"]
[Date "2016.04.24"]
[Round "1"]
[White "Luban"]
[Black "Fred"]
[WhiteElo "2050"]
[BlackElo "2040"]
[Result "1-0"]
[Round "1"]
1.d4 e6
2.c4 f5
3.Nb1c3 Ng8f6
4.g3 c6
5.Bf1g2 Bf8b4
6.Bc1d2 h6
7.a3 Bb4a5
8.b4 Ba5c7
9.e4 fxe4
10.Nc3xe4 d5
11.cxd5 exd5
12.Ne4xf6 Qd8xf6
13.Bd2e3 O-O
14.Ng1h3 Nb8d7
15.O-O Nd7b6
16.Nh3f4 Nb6c4
17.Nf4d3 Bc7d6
18.a4 Bc8f5
19.Ra1b1 Ra8e8
20.Rf1e1 Nc4xe3
21.fxe3 Bf5xd3
22.Qd1xd3 Qf6f2
23.Kh1 Qf2a2
24.Qd3b3 Rf8f2
25.Qb3xa2 Rf2xa2
26.a5 a6
27.e4 dxe4
28.Bg2xe4 Ra2d2
29.Be4d5 cxd5
30.Re1xe8 Kh7
31.Re8d8 Bd6e7
32.Rd8xd5 Be7f6
33.Rd5d7 Bf6xd4
34.Rd7xb7 Bd4c3
35.Rb7b6 Rd2d4
36.Rb6xa6 Bc3xb4
37.Rb1a1 Rd4d5
38.Ra6a8 Kg6
39.a6 Bb4c5
40.Ra8b8 Rd5d7
41.Rb8b7 Rd7d8
42.a7 Rd8a8
43.Ra1a6 Kh7
44.Kg2 Bc5d4
45.Kf3 Bd4g1
46.h3 Bg1d4
47.Ke4 Bd4f2
48.g4 Bf2xa7
49.Ra6xa7 Ra8xa7
50.Rb7xa7 Kg6
51.h4 Kf6
52.g5 hxg5
53.hxg5 Kxg5
54.Ra7xg7 Kh4
55.Kf4 { resign }
1-0

[Event "Tourn. n8682"]
[Site "www.chess-mail.com"]
[Date "2016.04.24"]
[Round "1"]
[White "Drawmaster"]
[Black "Cal"]
[WhiteElo "1670"]
[BlackElo "1670"]
[Result "1-0"]
[Round "1"]
1.d4 d5
2.Bc1f4 h6
3.e3 Ng8f6
4.Ng1f3 e6
5.Bf1d3 Bf8b4
6.c3 Bb4a5
7.O-O a6
8.Nf3e5 O-O
9.Nb1d2 Nb8d7
10.b4 Ba5b6
11.Nd2b3 Nd7xe5
12.Bf4xe5 c6
13.a4 Nf6h7
14.Be5g3 f5
15.c4 dxc4
16.Bd3xc4 Bc8d7
17.Nb3c5 Bb6xc5
18.dxc5 Qd8e7
19.Bg3d6 Qe7f7
20.Bd6xf8 Ra8xf8
21.Qd1b3 Kh8
22.Ra1d1 Qf7g6
23.Rd1xd7 Rf8e8
24.Rf1d1 Nh7f6
25.Rd7d8 Re8xd8
26.Rd1xd8 Nf6e8
27.Bc4xe6 Qg6f6
28.Rd8xe8 Kh7
29.h3 g6
30.Be6g8 Kh8
31.Bg8h7 Kxh7
32.Qb3g8 { resign }
1-0

[Event "Tourn. n8719"]
[Site "www.chess-mail.com"]
[Date "2016.04.24"]
[Round "1"]
[White "Sandokam"]
[Black "Vitoriccardo"]
[WhiteElo "2089"]
[BlackElo "1960"]
[Result "1-0"]
[Round "1"]
1.e4 e6
2.f4 d5
3.e5 d4
4.Ng1f3 c5
5.Bf1e2 Nb8c6
6.d3 Ng8e7
7.Nb1d2 Ne7f5
8.Nd2e4 Bc8d7
9.O-O Nc6b4
10.c4 Bd7c6
11.Ne4f2 Bf8e7
12.a3 Nb4a6
13.Bc1d2 O-O
14.Ra1b1 Qd8b6
15.Qd1c1 f6
16.g4 Nf5h6
17.exf6 gxf6
18.f5 exf5
19.Bd2xh6 Rf8f7
20.gxf5 Be7f8
21.Nf2e4 Bc6xe4
22.dxe4 Qb6b3
23.Rf1f2 Ra8e8
24.Kh1 Re8xe4
25.Nf3d2 { resign }
1-0

[Event "Tourn. n8691"]
[Site "www.chess-mail.com"]
[Date "2016.04.24"]
[Round "1"]
[White "Prize64"]
[Black "Comrade"]
[WhiteElo "2200"]
[BlackElo "2190"]
[Result "0-1"]
[Round "1"]
1.e4 c5
2.Ng1f3 Nb8c6
3.Bf1b5 g6
4.Bb5xc6 dxc6
5.O-O Bf8g7
6.d3 Ng8f6
7.Nb1c3 O-O
8.h3 Qd8c7
9.Bc1e3 b6
10.Qd1d2 Rf8d8
11.Be3h6 Bg7h8
12.Ra1e1 e5
13.Qd2g5 Rd8e8
14.Nc3e2 Nf6h5
15.g4 Bh8f6
16.Qg5e3 Nh5g7
17.Bh6g5 Re8e6
18.Kg2 Qc7e7
19.Ne2g3 Re6d6
20.Bg5h6 Ng7e6
21.c3 Bc8a6
22.Re1d1 Ra8d8
23.Nf3e1 Qe7d7
24.Ng3f5 gxf5
25.gxf5 Ne6f4
{ resign }
0-1

[Event "Tourn. n8689"]
[Site "www.chess-mail.com"]
[Date "2016.04.24"]
[Round "1"]
[White "Piekki"]
[Black "Guidom"]
[WhiteElo "2050"]
[BlackElo "2020"]
[Result "1-0"]
[Round "1"]
1.e4 e5
2.Ng1f3 Nb8c6
3.Bf1b5 a6
4.Bb5a4 Ng8f6
5.O-O d6
6.d3 Bc8d7
7.c3 Bf8e7
8.Rf1e1 O-O
9.Ba4c2 h6
10.Nb1d2 Kh7
11.d4 Bd7g4
12.Nd2f1 Qd8d7
13.Nf1e3 Bg4h5
14.Ne3f5 Bh5g6
15.Nf3h4 Ra8e8
16.d5 Nc6d8
17.a4 b6
18.Bc2d3 Qd7c8
19.Qd1e2 a5
20.Bd3a6 Nd8b7
21.Ba6b5 Bg6xf5
22.Nh4xf5 Nf6xd5
23.Qe2g4 Be7f6
24.Bb5xe8 Qc8xe8
25.exd5 Nb7c5
26.Nf5xh6 gxh6
27.Qg4f5 Kg7
28.Bc1xh6 Kxh6
29.Qf5xf6 Kh7
30.Re1e3 { resign }
1-0

[Event "Tourn. n8710"]
[Site "www.chess-mail.com"]
[Date "2016.04.24"]
[Round "1"]
[White "Gfalk"]
[Black "Shlomo"]
[WhiteElo "1820"]
[BlackElo "1700"]
[Result "0-1"]
[Round "1"]
1.f4 d5
2.Ng1f3 Nb8c6
3.e3 a6
4.b3 Bc8g4
5.Bf1e2 f6
6.Bc1b2 e5
7.d3 Qd8d7
8.Nb1d2 Ng8e7
9.h3 Bg4xf3
10.Be2xf3 O-O-O
11.fxe5 fxe5
12.Bf3g4 Ne7f5
 { time }
0-1

[Event "Tourn. n8661"]
[Site "www.chess-mail.com"]
[Date "2016.04.24"]
[Round "1"]
[White "Ffdd65"]
[Black "Faerieking"]
[WhiteElo "2220"]
[BlackElo "2130"]
[Result "0-1"]
[Round "1"]
1.e4 c5
2.c4 Nb8c6
3.d3 d6
4.Bf1e2 g6
5.Bc1d2 Bf8g7
6.Qd1c1 Bc8d7
7.Ng1f3 a6
8.Bd2c3 Ng8f6
9.h3 e5
10.Bc3d2 O-O
11.Bd2g5 Qd8a5
12.Bg5d2 Qa5c7
13.Nb1c3 Rf8c8
14.Nc3d5 Nf6xd5
15.cxd5 Nc6e7
16.Bd2g5 Qc7a5
17.Qc1d2 Qa5xd2
18.Nf3xd2 f6
19.Bg5e3 b5
20.b3 f5
21.f3 Kf7
22.Ra1c1 f4
23.Be3f2 h5
24.g4 hxg4
25.hxg4 Rc8h8
26.Rh1xh8 Ra8xh8
27.Be2f1 Rh8h1
28.Rc1c2 g5
29.Nd2b1 Ne7g6
30.Nb1d2 Bg7f6
31.Ke2 Ng6h4
32.Rc2c1 Bf6d8
33.Bf2e1 Bd8a5
34.Rc1d1 Ba5xd2
35.Rd1xd2 Nh4xf3
36.Bf1g2 Rh1xe1
37.Kxf3 Re1e3
38.Kf2 Bd7xg4
39.Bg2f1 Bg4h5
{ resign }
0-1

[Event "Tourn. n8708"]
[Site "www.chess-mail.com"]
[Date "2016.04.24"]
[Round "1"]
[White "Milkyway"]
[Black "Yangqi"]
[WhiteElo "2269"]
[BlackElo "2640"]
[Result "0-1"]
[Round "1"]
1.e4 e5
2.d4 exd4
3.Qd1xd4 Nb8c6
4.Qd4e3 Ng8f6
5.Bc1d2 b6
6.Bd2c3 Bf8c5
7.Qe3e2 O-O
8.Nb1d2 d5
9.Bc3xf6 Qd8xf6
10.O-O-O Rf8e8
11.f3 a5
12.Kb1 a4
13.Qe2d3 Nc6b4
14.Qd3c3 d4
{ resign }
0-1

[Event "Tourn. n8719"]
[Site "www.chess-mail.com"]
[Date "2016.04.24"]
[Round "1"]
[White "Vitoriccardo"]
[Black "Genius2"]
[WhiteElo "1960"]
[BlackElo "1880"]
[Result "0-1"]
[Round "1"]
1.e4 d6
2.d4 g6
3.Nb1c3 Bf8g7
4.f4 Ng8f6
5.Ng1f3 O-O
6.Bc1e3 Nf6g4
7.Qd1d2 Ng4xe3
8.Qd2xe3 c6
9.Bf1c4 Nb8d7
10.O-O-O Qd8a5
11.g4 Nd7b6
12.Bc4b3 Bc8xg4
13.Rd1g1 Bg4xf3
14.Qe3xf3 Bg7xd4
15.f5 Bd4xc3
16.fxg6 Bc3g7
17.gxf7 Kh8
18.Rg1xg7 Kxg7
19.Rh1g1 Kh8
20.Qf3g3 Qa5e5
21.Qg3h4 d5
{ resign }
0-1

[Event "Match"]
[Site "www.echecsemail.com"]
[Date "2016.04.24"]
[Round "1"]
[White "Sik"]
[Black "Fangshuo"]
[WhiteElo "1700"]
[BlackElo "2140"]
[Result "0-1"]
[Round "1"]
1.c4 e5
2.Nb1c3 Ng8f6
3.g3 c6
4.Bf1g2 d5
5.cxd5 cxd5
6.d3 Bf8c5
7.Bc1g5 Bc5xf2
8.Kxf2 Nf6g4
9.Kf1 Qd8xg5
10.Nc3xd5 O-O
11.Ng1f3 Ng4e3
12.Nd5xe3 Qg5xe3
13.Qd1d2 Qe3c5
14.Ra1c1 Qc5d6
15.Kf2 Nb8c6
16.Rh1f1 f5
17.Kg1 Bc8e6
18.Nf3g5 Be6xa2
19.Rc1c3 Ba2d5
20.Bg2xd5 Qd6xd5
21.Rf1c1 Ra8c8
22.Ng5f3 f4
23.Rc3c5 Qd5d6
24.Nf3xe5 fxg3
25.hxg3 Rc8e8
{ resign }
0-1

[Event "Match"]
[Site "www.echecsemail.com"]
[Date "2016.04.24"]
[Round "1"]
[White "Olddog55"]
[Black "Pimpampum"]
[WhiteElo "1600"]
[BlackElo "1499"]
[Result "0-1"]
[Round "1"]
1.d4 Ng8f6
2.Ng1f3 d5
3.e3 c5
4.b3 Bc8g4
5.Bf1e2 Nb8c6
6.Bc1b2 e6
7.Nf3e5 Bg4f5
8.O-O Bf8e7
9.g4 Bf5g6
10.f4 Nc6xe5
11.dxe5 Nf6e4
12.f5 Be7g5
13.Be2b5 Ke7
14.Qd1f3 exf5
15.gxf5 Bg6xf5
16.Qf3xf5 Bg5xe3
17.Kg2 Rh8f8
18.Qf5xh7 Qd8c8
19.Kh1 Qc8g4
20.Qh7f5 Qg4xf5
21.Rf1xf5 Rf8h8
22.Nb1c3 Ne4g3
23.Kg2 Ng3xf5
24.Nc3xd5 Kf8
25.Ra1f1 Be3d4
26.Bb2a3 Nf5h4
27.Kh1 Bd4xe5
28.Ba3xc5 Kg8
29.Bb5d3 g6
30.Rf1e1 Nh4f3
31.Re1e3 Rh8xh2

0-1

[Event "Match"]
[Site "www.echecsemail.com"]
[Date "2016.04.24"]
[Round "1"]
[White "Genius2"]
[Black "Wwgia"]
[WhiteElo "1740"]
[BlackElo "2170"]
[Result "0-1"]
[Round "1"]
1.d4 c5
2.Ng1f3 cxd4
3.Nf3xd4 g6
4.e4 Bf8g7
5.Nb1c3 Nb8c6
6.Bc1e3 Ng8f6
7.Bf1e2 O-O
8.O-O d5
9.exd5 Nf6xd5
10.Nc3xd5 Qd8xd5
11.Be2f3 Qd5c4
12.Bf3xc6 bxc6
13.c3 Rf8d8
14.Qd1f3 Bc8b7
15.Rf1e1 Ra8b8
16.Qf3e2 Qc4xe2
17.Re1xe2 Bb7a8
18.h3 c5
19.Nd4b3 c4
20.Nb3d4 a6
21.Ra1b1 Ba8e4
22.Rb1e1 Be4a8
23.f3 e5
{ resign }
0-1

[Event "Match"]
[Site "www.echecsemail.com"]
[Date "2016.04.24"]
[Round "1"]
[White "Umutkrc"]
[Black "Elogic"]
[WhiteElo "1850"]
[BlackElo "1800"]
[Result "0-1"]
[Round "1"]
1.d4 e6
2.e4 d5
3.e5 f6
4.f4 c5
5.Ng1f3 c4
6.Nb1c3 a6
7.b3 b5
8.bxc4 bxc4
9.a4 Bc8d7
10.Bc1d2 Bf8b4
11.Nc3b1 Bb4xd2
12.Qd1xd2 f5
13.Nf3g5 h6
14.Ng5f3 Ng8e7
15.c3 Nb8c6
16.Qd2c2 O-O
17.Nb1d2 Ne7g6
18.g3 Qd8a5
19.Qc2a2 Qa5xc3
20.Qa2a3 Qc3xa3
21.Ra1xa3 Nc6b4
22.Kd1 Rf8c8
23.Ra3a1 c3
24.Nd2b3 c2
25.Kd2 Rc8c7
26.Nb3c5 Bd7c8
27.Nf3e1 Nb4c6
28.Ke3 Nc6b4
29.Ne1d3 Ra8b8
30.Nd3xb4 Rb8xb4
31.Bf1xa6 Bc8xa6
32.Nc5xa6 Rc7c3
33.Kd2 Rb4b3
34.Ra1c1 Rc3c6
35.Na6c5 Rb3a3
36.Rc1xc2 Ng6e7
37.Rh1b1 g5
38.Rb1b3 Ra3a1
39.Rb3b7 Kf7
40.Rb7a7 gxf4
{ resign }
0-1

[Event "Match"]
[Site "www.echecsemail.com"]
[Date "2016.04.24"]
[Round "1"]
[White "Menace"]
[Black "Jpjohnston"]
[WhiteElo "2270"]
[BlackElo "2000"]
[Result "1-0"]
[Round "1"]
1.e4 e5
2.f4 exf4
3.Ng1f3 d6
4.Bf1c4 h6
5.O-O Nb8c6
6.d3 Qd8f6
7.Nb1c3 Bc8e6
8.Bc4xe6 fxe6
9.Nc3b5 O-O-O
10.c3 e5
11.b4 a6
12.Nb5a3 b5
13.c4 Nc6xb4
14.cxb5 d5
15.bxa6 Qf6xa6
16.Nf3xe5 Qa6f6
17.Bc1b2 dxe4
18.Qd1a4 Nb4a6
19.Na3c4 Bf8c5
20.d4 Bc5a7
21.Ne5c6  { time }
1-0

[Event "Match"]
[Site "www.echecsemail.com"]
[Date "2016.04.24"]
[Round "1"]
[White "Ztornad"]
[Black "Fkarpov"]
[WhiteElo "1730"]
[BlackElo "2100"]
[Result "1/2-1/2"]
[Round "1"]
1.b3 e6
2.Bc1b2 Ng8f6
3.Ng1f3 Nb8c6
4.Nb1c3 d6
5.e4 e5
6.Nc3d5 Bc8e6
7.Nd5xf6 Qd8xf6
8.d4 Be6g4
9.Bf1e2 Bg4xf3
10.dxe5 Nc6xe5
11.gxf3 Ne5xf3
12.Be2xf3 Qf6xb2
13.O-O Qb2e5
14.Qd1d5 Qe5xd5
15.exd5 Bf8e7
16.Ra1e1 Ra8d8
17.c4 b6
18.Re1e3 Rd8d7
19.b4 O-O
20.Bf3g4 f5
21.Bg4h3 g6
22.b5 Be7g5
23.Re3e6 Rd7f7
24.Rf1e1 Bg5f4
25.Re6e7 Bf4e5
26.Re7xf7 Rf8xf7
27.Re1f1 Rf7e7
28.Kg2 Kf7
29.Rf1e1 h5
30.Kh1 Kf6
31.Re1e2 f4
32.f3 g5
33.a4 Re7g7
34.Kg1 g4
35.fxg4 hxg4
36.Bh3f1 g3
37.hxg3 Rg7xg3
38.Re2g2 f3
39.Rg2xg3 Be5xg3
40.Bf1h3 Kg5
41.Bh3e6 Kf4
42.Kf1 Ke4
43.Kg1 Kd4
44.c5 Kxc5
45.Be6f7 Kb4
46.Bf7e8 Kxa4
47.Be8c6 Ka5
48.Bc6d7 a6
49.bxa6 Kxa6
50.Bd7g4 f2
51.Kg2 f1Q
52.Kxf1 Kb5
53.Kg2 Bg3e5
54.Kf3 Kc5
55.Bg4e6 c6
56.dxc6 Kxc6
57.Ke3 Kc5
58.Kd3 b5
59.Kc2 d5
60.Kd3 b4
61.Kc2 Kc4
62.Be6f5 b3
63.Kb1 Kc3
64.Bf5g6 d4
65.Bg6e4 d3
66.Be4f3 b2
67.Bf3d1 d2
68.Bd1e2 Be5d4
69.Be2g4 Bd4f6
70.Bg4e2 Bf6e5
71.Be2g4 { draw }
1/2-1/2

[Event "Match"]
[Site "www.echecsemail.com"]
[Date "2016.04.24"]
[Round "1"]
[White "Genius7"]
[Black "Wwgia"]
[WhiteElo "1810"]
[BlackElo "2180"]
[Result "1-0"]
[Round "1"]
1.Ng1f3 Ng8f6
2.c4 d5
3.cxd5 Nf6xd5
4.d3 g6
5.Nb1c3 Bf8g7
6.Bc1d2 O-O
7.g3 c5
8.Bf1g2 Nb8c6
9.O-O Nd5c7
10.Ra1c1 e5
11.Nc3e4 b6
12.a3 Bc8b7
13.Qd1c2 Ra8c8
14.Bd2e3 Nc7d5
15.Be3d2 Nc6d4
16.Nf3xd4 cxd4
17.Qc2b3 Rc8xc1
{ time. }
1-0

[Event "Match"]
[Site "www.echecsemail.com"]
[Date "2016.04.24"]
[Round "1"]
[White "Mdesouza"]
[Black "Genius7"]
[WhiteElo "2200"]
[BlackElo "1810"]
[Result "1-0"]
[Round "1"]
1.e4 e5
2.Ng1f3 d6
3.d4 exd4
4.Nf3xd4 Ng8f6
5.Nb1c3 Bf8e7
6.Bc1f4 O-O
7.Qd1d2 a6
8.O-O-O Nb8c6
9.Nd4xc6 bxc6
10.Bf1c4 Ra8b8
11.f3 c5
12.g4 Nf6d7
13.Nc3d5 Nd7b6
14.Nd5xb6 Rb8xb6
15.h4 Be7f6
16.b3 Bc8b7
17.g5 Bf6e7
18.h5 Bb7c6
19.h6 g6
20.Qd2c3 { resign }
1-0

[Event "Match"]
[Site "www.echecsemail.com"]
[Date "2016.04.24"]
[Round "1"]
[White "Milkyway"]
[Black "Ostapbender"]
[WhiteElo "2269"]
[BlackElo "2700"]
[Result "1-0"]
[Round "1"]
1.d4 Ng8f6
2.Ng1f3 g6
3.Bc1g5 Bf8g7
4.c3 O-O
5.Nb1d2 d5
6.e3 b6
7.Bf1d3 Bc8b7
8.O-O c5
9.Qd1e2  { time }
1-0

[Event "Match"]
[Site "www.echecsemail.com"]
[Date "2016.04.24"]
[Round "1"]
[White "Genius9"]
[Black "Guidom"]
[WhiteElo "1730"]
[BlackElo "2060"]
[Result "1/2-1/2"]
[Round "1"]
1.e4 e5
2.Ng1f3 d6
3.d4 exd4
4.Qd1xd4 Nb8c6
5.Bf1b5 Bc8d7
6.Bb5xc6 Bd7xc6
7.c4 Qd8f6
8.Nb1c3 Qf6xd4
9.Nf3xd4 Bc6d7
10.Bc1e3 Ng8f6
11.h3 Bf8e7
12.O-O-O O-O-O
13.Nd4b5 Bd7xb5
14.cxb5 b6
15.Rh1e1 Nf6d7
16.Nc3d5 Be7f6
17.Nd5xf6 Nd7xf6
18.Be3g5 Rd8e8
19.Bg5xf6 gxf6
20.f3 Re8e5
21.a4 Rh8g8
22.g4 { draw }
1/2-1/2

[Event "Match"]
[Site "www.echecsemail.com"]
[Date "2016.04.24"]
[Round "1"]
[White "Mitja"]
[Black "Bojan"]
[WhiteElo "1840"]
[BlackElo "1800"]
[Result "0-1"]
[Round "1"]
1.d4 b6
2.e3 Bc8b7
3.Ng1f3 e6
4.c3 Qd8f6
5.Nb1d2 Nb8c6
6.Nd2b3 O-O-O
7.Bf1e2 d6
8.Bc1d2 e5
9.dxe5 Nc6xe5
10.Nf3xe5 dxe5
11.Be2g4 Kb8
12.Bg4f3 e4
13.Bf3g4 Ng8h6
14.Bg4h3 Bb7a6
15.Nb3d4 c5
16.Nd4e2 Bf8d6
17.g3 Qf6f3
18.Rh1g1 f5
19.Bh3g2 Qf3h5
20.h3 g5
21.b3 Nh6f7
22.Bg2f1 Nf7e5
23.Bf1g2 Ne5f3
24.Bg2xf3 exf3
25.Ne2c1 Ba6b7
26.Rg1h1 Qh5g6
27.Qd1c2 Bb7e4
28.Qc2b2 Bd6e5
29.a4 a5
30.Nc1a2 h5
31.Ra1d1 h4
32.gxh4 Rh8xh4
33.Bd2c1 Rd8xd1
34.Kxd1 g4
35.Qb2d2 Kc7
36.Bc1b2 g3
37.fxg3 Qg6xg3
38.Kc1 f2
39.Rh1d1 Be4c6
40.Qd2d8 Kb7
41.Kb1 Rh4xh3
42.Qd8e7 Be5c7
43.Bb2c1 Qg3f3
{ resign }
0-1

[Event "Match"]
[Site "www.echecsemail.com"]
[Date "2016.04.24"]
[Round "1"]
[White "Whitekknight"]
[Black "Cardiff"]
[WhiteElo "1940"]
[BlackElo "1600"]
[Result "0-1"]
[Round "1"]
1.e4 c6
2.d4 d5
3.exd5 cxd5
4.Nb1c3 e6
5.a3 Ng8f6
6.Bc1g5 Bf8e7
7.Ng1f3 O-O
8.Bf1d3 Nb8c6
9.O-O Bc8d7
10.Rf1e1 a6
11.Qd1e2 b5
12.b4 Rf8e8
13.Bg5e3 Be7d6
14.Qe2d2 h6
15.Nc3e2 e5
16.dxe5 Nc6xe5
17.Nf3xe5 Bd6xe5
18.Ne2f4 Be5xa1
19.Re1xa1 Nf6e4
20.Bd3xe4 dxe4
21.Ra1d1 Bd7g4
22.Nf4e2 Qd8xd2
23.Rd1xd2 Bg4xe2
24.Rd2xe2 f5
25.h4 Ra8d8
26.Re2e1 Rd8c8
27.Re1e2 Re8d8
28.Kh2 Rc8c3
29.Be3c1 Rd8c8
30.Re2d2 Rc3xc2
31.Rd2xc2 Rc8xc2
{ resign }
0-1

[Event "Match"]
[Site "www.echecsemail.com"]
[Date "2016.04.24"]
[Round "1"]
[White "Nimzo"]
[Black "Witpar"]
[WhiteElo "2830"]
[BlackElo "2640"]
[Result "1-0"]
[Round "1"]
1.e4 e6
2.d4 d5
3.Nb1c3 Ng8f6
4.e5 Nf6d7
5.f4 c5
6.Ng1f3 Nb8c6
7.Bc1e3 a6
8.Qd1d2 b5
9.a3 Qd8b6
10.Nc3e2 a5
11.f5 cxd4
12.Ne2xd4 Nc6xd4
13.Nf3xd4 Bf8c5
14.Bf1xb5 O-O
15.Bb5xd7 Bc8xd7
16.f6 Rf8c8
17.O-O Ra8b8
18.Ra1b1 Qb6c7
19.c3 Qc7xe5
20.Be3f4 Qe5h5
21.Bf4xb8 Rc8xb8
22.b4 axb4
23.axb4 Bc5b6
24.Qd2f4 e5
25.Qf4g3 g6
26.Rb1e1 Rb8e8
27.Kh1 h6
28.b5 Bb6xd4
29.cxd4 Bd7xb5
30.Rf1g1 e4
31.Re1b1 Bb5d7
32.Qg3c7 Qh5f5
33.Rg1f1 Qf5e6
34.Rb1b6 Re8c8
35.Rb6xe6 Rc8xc7
36.Re6e7 g5
37.h3 Rc7b7
38.Kh2 Bd7c6
39.Rf1a1 Rb7b8
40.Kg3 Bc6b5
41.Ra1b1 Rb8b6
42.Rb1b2 h5
43.h4 gxh4
44.Kxh4 { resign }
1-0

[Event "Match"]
[Site "www.echecsemail.com"]
[Date "2016.04.24"]
[Round "1"]
[White "Caspito"]
[Black "B0zata"]
[WhiteElo "1720"]
[BlackElo "1799"]
[Result "0-1"]
[Round "1"]
1.e4 c5
2.c3 d5
3.e5 Nb8c6
4.d4 e6
5.Bf1b5 a6
6.Bb5xc6 bxc6
7.Ng1f3 cxd4
8.cxd4 c5
9.O-O cxd4
10.Nf3xd4 Ng8e7
11.Bc1g5 h6
12.Bg5h4 g5
13.Bh4g3 Bf8g7
14.Nb1d2 Ne7g6
15.f4 gxf4
16.Bg3xf4 Ng6xf4
17.Rf1xf4 Bg7xe5
18.Nd4c6 Qd8b6
19.Kh1 Qb6xc6
20.Ra1c1 Qc6b7
21.Rf4g4 Bc8d7
22.b3 Bd7b5
23.Nd2f3 Be5d6
24.Nf3d4 Bd6e5
25.Rg4h4 Ra8c8
{ resign }
0-1

[Event "Match"]
[Site "www.echecsemail.com"]
[Date "2016.04.24"]
[Round "1"]
[White "Cheminet"]
[Black "Sik"]
[WhiteElo "1840"]
[BlackElo "1690"]
[Result "1-0"]
[Round "1"]
1.d4 d5
2.Bc1f4 Nb8c6
3.e3 Ng8f6
4.Nb1c3 e6
5.Nc3b5 Bf8d6
6.Bf4xd6 cxd6
7.c4 dxc4
8.Bf1xc4 O-O
9.Ng1e2 a6
10.Nb5c3 b5
11.Bc4b3 Bc8b7
12.d5 exd5
13.O-O Nf6e4
14.a3 Ra8c8
15.Nc3xd5 Nc6e5
16.f3 Ne4c5
17.Bb3a2 Nc5a4
18.f4 Na4xb2
19.Qd1d4 Ne5d3
20.Ne2c1 Nd3xc1
21.Ra1xc1 Nb2a4
22.f5 Rf8e8
23.f6 Bb7xd5
24.Rc1xc8 Qd8xc8
25.Qd4xd5 Qc8e6
26.Qd5xe6 Re8xe6
27.Ba2xe6 fxe6
28.fxg7 Kxg7
29.Rf1f3 Na4c3
30.Kf2 Kg6
31.Ke1 Kg5
32.Kd2 Nc3e4
33.Kd3 Ne4c5
34.Kc3 a5
35.Rf3f7 Nc5e4
36.Kd4 Ne4f6
37.Rf7b7 e5
38.Kd3 Kf5
39.e4 Nf6xe4
40.g4 Kxg4
41.Kxe4 Kh3
42.Rb7xh7 Kg2
43.Rh7b7 d5
44.Kxe5 d4
45.Kxd4 b4
46.Rb7xb4 Kxh2
47.Rb4b3 a4
48.Rb3f3 Kg2
49.Ke3 Kh2
50.Kf2 Kh1
51.Rf3h3 { resign }
1-0

[Event "Match"]
[Site "www.echecsemail.com"]
[Date "2016.04.24"]
[Round "1"]
[White "Heiserman"]
[Black "Genius2"]
[WhiteElo "2290"]
[BlackElo "1740"]
[Result "1-0"]
[Round "1"]
1.d4 d5
2.c4 c6
3.Nb1c3 e6
4.cxd5 exd5
5.e4 dxe4
6.Nc3xe4 Bf8b4
7.Ne4c3 Ng8f6
8.Ng1f3 O-O
9.Bf1e2 Nf6e4
10.Qd1c2 Bc8f5
11.Be2d3 Ne4xc3
12.bxc3 Rf8e8
13.Bc1e3 Bf5xd3
14.Qc2xd3 Bb4e7
15.O-O Nb8d7
16.Ra1b1 Qd8c7
17.c4 Nd7f6
18.Rf1e1 Nf6g4
19.Be3d2 Be7d6
20.h3 Ng4f6
21.Bd2g5 Nf6d7
22.Qd3f5 Bd6f8
23.Re1xe8 Ra8xe8
24.Bg5f4 Qc7c8
25.Nf3g5 Nd7f6
26.Qf5xc8 Re8xc8
27.Rb1xb7 Rc8d8
28.Bf4e3 { resign }
1-0

[Event "Match"]
[Site "www.echecsemail.com"]
[Date "2016.04.24"]
[Round "1"]
[White "Hundegana"]
[Black "Pinehill"]
[WhiteElo "1890"]
[BlackElo "2120"]
[Result "0-1"]
[Round "1"]
1.f4 Ng8f6
2.g3 e6
3.Ng1f3 d5
4.d3 c5
5.Bf1g2 Nb8c6
6.O-O Bf8e7
7.Kh1 O-O
8.Rf1e1 b6
9.Nb1c3 Bc8b7
10.e3 a6
11.d4 Ra8c8
12.Ra1b1 c4
13.b3 b5
14.bxc4 dxc4
15.a3 Qd8a5
16.Qd1d2 Rf8d8
17.h3 Be7xa3
18.Bc1xa3 Qa5xa3
19.Nf3e5 Nf6d5
20.Nc3xd5 exd5
21.Ne5xc6 Bb7xc6
22.Rb1a1 Qa3e7
23.Ra1xa6 g5
24.f5 h5
25.Qd2e2 Qe7d6
26.Kh2 h4
27.Qe2g4 f6
28.e4 dxe4
29.Re1xe4 Qd6xg3
30.Qg4xg3 hxg3
31.Kxg3 Bc6xe4
32.Bg2xe4 Kg7
33.c3 b4
34.cxb4 c3
35.Be4c2 Rd8xd4
36.Ra6a7 Kf8
37.b5 Rd4d2
38.Bc2b3 c2
39.Ra7f7 Ke8
40.b6 c1Q
41.Rf7xf6 Qc1c3
42.Kg4 Qc3xf6
43.b7 Rd2d4
44.Kg3 Rc8c3
45.Kg2 Rd4d2
46.Kg1 Rc3c1
{ resign }
0-1

[Event "Match"]
[Site "www.echecsemail.com"]
[Date "2016.04.24"]
[Round "1"]
[White "Hundegana"]
[Black "Gambitmiau"]
[WhiteElo "1880"]
[BlackElo "1870"]
[Result "1-0"]
[Round "1"]
1.c4 e5
2.b3 Bf8c5
3.e3 Nb8c6
4.Bc1b2 f6
5.Bf1d3 Nc6b4
6.Bd3e4 d5
7.cxd5 Nb4xd5
8.Qd1h5 Kd7
9.Qh5f7 Nd5e7
10.Qf7xg7 c6
11.Qg7xh8 Kc7
12.Qh8xh7 Bc8e6
13.Ng1f3 Ra8c8
14.O-O Kb8
15.Nb1c3 f5
16.Be4c2 e4
17.Nf3g5 Qd8xd2
18.Ra1c1 Ng8f6
19.Qh7g7 Nf6h5
20.Qg7e5 Qd2d6
21.Qe5xe6 Qd6d8
22.Rc1d1 Ne7d5
23.Nc3xd5 cxd5
24.Qe6xf5 Bc5e7
25.Ng5e6 Qd8g8
26.Bb2e5 Ka8
27.Ne6c7 Rc8xc7
28.Be5xc7 Nh5f6
29.f3 Nf6g4
30.fxg4 Be7c5
31.Rd1xd5 Bc5xe3
32.Kh1 a6
33.Rd5d8 { resign }
1-0

[Event "Match"]
[Site "www.echecsemail.com"]
[Date "2016.04.24"]
[Round "1"]
[White "Difficult"]
[Black "Emmanuel69"]
[WhiteElo "1890"]
[BlackElo "1880"]
[Result "1/2-1/2"]
[Round "1"]
1.d4 d5
2.Nb1c3 a6
3.e4 c6
4.exd5 cxd5
5.Ng1f3 e6
6.Bf1d3 Ng8f6
7.Nf3e5 Nb8d7
8.O-O h6
9.Ne5xd7 Bc8xd7
10.Nc3e2 Bf8e7
11.c3 O-O
12.Ne2g3 Rf8e8
13.Rf1e1 Ra8c8
14.h3 Be7f8
15.f4 g6
16.Qd1f3 Bf8g7
17.Bc1e3 Bd7c6
18.h4 Nf6h7
19.h5 g5
20.Bd3xh7 Kxh7
21.fxg5 hxg5
22.Qf3xf7 Qd8f6
23.Qf7xf6 Bg7xf6
24.Re1f1 Re8f8
25.Rf1f2 Bf6e7
26.Rf2xf8 Rc8xf8
27.Ra1f1 Rf8xf1
28.Kxf1 Bc6e8
29.Ke2 Kh6
30.Kf2 { draw }
1/2-1/2

[Event "Match"]
[Site "www.echecsemail.com"]
[Date "2016.04.24"]
[Round "1"]
[White "Jpjohnston"]
[Black "Milkyway"]
[WhiteElo "2010"]
[BlackElo "1809"]
[Result "0-1"]
[Round "1"]
1.d4 Ng8f6
2.Bc1f4 d5
3.e3 c6
4.Ng1f3 Bc8g4
5.Bf1e2 e6
6.Nf3e5 Bg4xe2
7.Qd1xe2 Bf8d6
8.O-O O-O
9.a3 Qd8e7
10.Nb1c3 Nb8d7
11.h3 Nd7b6
12.Qe2d3 a6
13.f3 c5
14.dxc5 Bd6xc5
15.b4 Bc5d6
 { time }
0-1

[Event "1/128 Finale"]
[Site "www.chess-mail.com"]
[Date "2016.04.24"]
[Round "1"]
[White "Derfel83"]
[Black "Battlechess"]
[WhiteElo "1950"]
[BlackElo "1510"]
[Result "1-0"]
[Round "1"]
1.c4 c5
2.Nb1c3 Nb8c6
3.Ng1f3 e5
4.d3 d6
5.g3 Ng8f6
6.Bf1g2 Bf8e7
7.O-O O-O
8.a3 a6
9.Nf3d2 Nc6d4
10.e3 Nd4c6
11.Nd2e4 Nf6xe4
12.Bg2xe4 Bc8e6
13.Nc3d5 f5
14.Be4g2 Kh8
15.f4 Ra8c8
16.fxe5 dxe5
17.Bc1d2 g6
18.Bd2c3 Qd8d6
19.Nd5xe7 Nc6xe7
20.Bg2xb7 Rc8c7
21.Bb7g2 Ne7c6
22.b4 cxb4
23.axb4 Kg8
24.Ra1xa6 Qd6d7
25.b5 Nc6b8
26.Ra6a8 Rc7a7
27.Bc3xe5 Ra7xa8
28.Bg2xa8 { resign }
1-0

[Event "1/128 Finale"]
[Site "www.chess-mail.com"]
[Date "2016.04.24"]
[Round "1"]
[White "Destructor"]
[Black "Pimpampum"]
[WhiteElo "1809"]
[BlackElo "1499"]
[Result "1-0"]
[Round "1"]
1.e4 d6
2.d4 e5
3.Ng1f3 exd4
4.Nf3xd4 Ng8f6
5.Nb1c3 Bf8e7
6.Bc1f4 Bc8d7
7.Qd1d2 Nb8c6
8.O-O-O Nc6xd4
9.Qd2xd4 Bd7c6
10.e5 dxe5
11.Qd4xe5 Qd8c8
12.Bf1c4 Kf8
13.Rh1e1 Be7d6
14.Rd1xd6 cxd6
15.Qe5e7 { resign }
1-0

[Event "Eq:La Taverne-Los Tercios : "]
[Site "www.chess-mail.com"]
[Date "2016.04.24"]
[Round "1"]
[White "Terrible"]
[Black "Stevefillion"]
[WhiteElo "2330"]
[BlackElo "2370"]
[Result "1/2-1/2"]
[Round "1"]
1.d4 d5
2.Ng1f3 Ng8f6
3.c4 c6
4.Nb1c3 dxc4
5.a4 Bc8f5
6.Nf3e5 Nb8d7
7.Ne5xc4 Qd8c7
8.g3 e5
9.dxe5 Nd7xe5
10.Bc1f4 Ra8d8
11.Qd1b3 Bf5e6
12.Bf4xe5 Qc7xe5
13.Qb3xb7 Qe5c5
14.Nc4e3 Rd8d7
15.Qb7b8 { draw }
1/2-1/2

[Event "Fast Game"]
[Site "www.echecsemail.com"]
[Date "2016.04.24"]
[Round "1"]
[White "Grimsby"]
[Black "Koumaak"]
[WhiteElo "1349"]
[BlackElo "1279"]
[Result "0-1"]
[Round "1"]
1.d4 d5
2.c4 e6
3.Nb1c3 Bf8b4
4.e3 Bb4xc3
5.bxc3 Ng8f6
6.Ng1f3 Nf6e4
7.Qd1c2 O-O
8.Bf1d3 f5
9.Bd3xe4 { time. }
0-1